[Event "24th Open"]
[Site "Pula CRO"]
[Date "2010.06.21"]
[Round "3"]
[White "Saric,Iv"]
[Black "Fucak,E"]
[Result "1-0"]
[WhiteElo "2580"]
[BlackElo "2276"]
[EventDate "2010.06.19"]

1. e4 e6 2. d4 d5 3. Nc3 Bb4 4. e5 b6 5. h4 a5 6. a3 Bf8 7. h5 h6 8. f4 Ba6
9. Bxa6 Nxa6 10. Nf3 Ne7 11. g4 Qd7 12. Be3 c5 13. Ne2 cxd4 14. Nfxd4 Nc5
15. Ng3 Nc6 16. Qf3 Be7 17. O-O-O b5 18. Ndf5 b4 19. Nxe7 Qxe7 20. Nf5 Nxe5
21. Nxe7 1-0

[Event "24th Open"]
[Site "Pula CRO"]
[Date "2010.06.21"]
[Round "3"]
[White "Kelecevic,N"]
[Black "Kovacevic,A"]
[Result "0-1"]
[WhiteElo "2277"]
[BlackElo "2573"]
[EventDate "2010.06.19"]

1. d4 Nf6 2. c4 g6 3. Nc3 Bg7 4. e4 O-O 5. Be3 d6 6. f3 c6 7. Qd2 a6 8. a4
a5 9. Rd1 Na6 10. Bd3 e5 11. d5 cxd5 12. cxd5 Nd7 13. Nge2 Ndc5 14. Bc2 Bd7
15. Nb5 Bxb5 16. axb5 Nb4 17. Bxc5 Nxc2+ 18. Qxc2 Rc8 19. Nc3 Rxc5 20. O-O
Bh6 21. Qe2 Qc7 22. g3 Rc4 23. Kh1 Rc8 24. f4 Bg7 25. f5 Bh6 26. Qg4 Rd4
27. Qh3 Bg5 28. fxg6 hxg6 29. Qg4 Rxd1 30. Nxd1 Bc1 31. Qf3 Qd7 32. Nf2 Bh6
33. Ng4 Bg7 34. Rf2 Rc5 35. Kg2 Rxb5 36. h4 f5 37. Ne3 Rb3 38. exf5 Bh6 39.
f6 Bxe3 40. f7+ Kf8 41. Rc2 Qf5 42. Qd1 Rd3 43. Rc8+ Kxf7 0-1

[Event "24th Open"]
[Site "Pula CRO"]
[Date "2010.06.21"]
[Round "3"]
[White "Kuljasevic,D"]
[Black "Guenthner,O"]
[Result "1-0"]
[WhiteElo "2539"]
[BlackElo "2270"]
[EventDate "2010.06.19"]

1. d4 d5 2. c4 Bf5 3. cxd5 Bxb1 4. Qa4+ c6 5. Rxb1 Qxd5 6. Nf3 Nd7 7. b4
Nb6 8. Qc2 Nf6 9. e3 e6 10. Bd3 Be7 11. e4 Qd8 12. O-O h6 13. Qe2 Nh7 14.
Be3 O-O 15. Ne5 Nd7 16. Nc4 Qb8 17. b5 c5 18. d5 exd5 19. exd5 Re8 20. d6
Bg5 21. Bxh7+ Kxh7 22. Qd3+ Kg8 23. Bxg5 hxg5 24. Rfe1 Nf6 25. Qf5 Qc8 26.
Qxg5 Qd7 27. Rxe8+ Rxe8 28. Qxc5 Qe6 29. Ne3 Qxa2 30. Rf1 Qd2 31. Qc7 Qd3
32. Qxb7 Qxd6 33. Qxa7 Re4 34. h3 Qd3 35. Qc5 Re8 36. b6 Ne4 37. Qc6 Rb8
38. b7 1-0

[Event "24th Open"]
[Site "Pula CRO"]
[Date "2010.06.21"]
[Round "3"]
[White "Medic,Mir"]
[Black "Zelcic,R"]
[Result "0-1"]
[WhiteElo "2271"]
[BlackElo "2538"]
[EventDate "2010.06.19"]

1. d4 Nf6 2. c4 e6 3. Nc3 Bb4 4. Qc2 O-O 5. a3 Bxc3+ 6. Qxc3 Ne4 7. Qc2 f5
8. e3 b6 9. Nh3 Bb7 10. f3 Qh4+ 11. Nf2 Nxf2 12. Qxf2 Qf6 13. Bd3 c5 14.
Bd2 cxd4 15. exd4 e5 16. d5 d6 17. O-O Nd7 18. b4 Rac8 19. Rfc1 Qg6 20. Be2
f4 21. a4 a5 22. bxa5 bxa5 23. Bxa5 Nc5 24. Ra3 e4 25. fxe4 Nxe4 26. Qd4
Ng5 27. Rf1 Rce8 28. Bf3 Ba6 29. Re1 Rc8 30. Rc1 Rfe8 31. Bd2 Nxf3+ 32.
Rxf3 Re2 33. Rf2 f3 34. g3 Rxc4 35. Qb2 Rxc1+ 36. Qxc1 Qd3 37. Qc7 Qb1+ 0-1

[Event "24th Open"]
[Site "Pula CRO"]
[Date "2010.06.21"]
[Round "3"]
[White "Cvitan,O"]
[Black "Bykov,Alexe1"]
[Result "1/2-1/2"]
[WhiteElo "2521"]
[BlackElo "2255"]
[EventDate "2010.06.19"]

1. c4 e6 2. Nc3 d5 3. d4 Be7 4. Nf3 Nf6 5. Bg5 h6 6. Bh4 O-O 7. e3 b6 8.
Be2 Bb7 9. Bxf6 Bxf6 10. cxd5 exd5 11. O-O Nd7 12. Qb3 c6 13. Rad1 Re8 14.
Rfe1 Nf8 15. e4 Ne6 16. e5 Be7 17. g3 b5 18. Bf1 a5 19. h4 1/2-1/2

[Event "24th Open"]
[Site "Pula CRO"]
[Date "2010.06.21"]
[Round "3"]
[White "Cop,T"]
[Black "Drazic,S"]
[Result "1-0"]
[WhiteElo "2254"]
[BlackElo "2531"]
[EventDate "2010.06.19"]

1. e4 e6 2. d4 d5 3. exd5 Qxd5 4. Nf3 Nf6 5. c4 Qd8 6. Nc3 b6 7. Ne5 Bb7 8.
Qa4+ c6 9. Be3 Be7 10. g4 O-O 11. Bg2 Qc8 12. g5 Nfd7 13. Ng4 c5 14. d5 f5
15. gxf6 Nxf6 16. Bh3 Qc7 17. Nxf6+ Bxf6 18. Bxe6+ Kh8 19. Qc2 Na6 20.
O-O-O Rae8 21. Rhg1 Nb4 22. Qe4 Qe7 23. f4 Ba6 24. f5 Bxc3 25. bxc3 Qf6 26.
Bd2 Nxa2+ 27. Kb2 Nb4 28. Bg5 Qe5 29. Qxe5 1-0

[Event "24th Open"]
[Site "Pula CRO"]
[Date "2010.06.21"]
[Round "3"]
[White "Jovanic,O"]
[Black "Andersen,L NOR"]
[Result "1/2-1/2"]
[WhiteElo "2530"]
[BlackElo "2252"]
[EventDate "2010.06.19"]

1. c4 Nf6 2. d4 e6 3. Nc3 d5 4. Bg5 Nbd7 5. cxd5 exd5 6. e3 c6 7. Bd3 Be7
8. Nge2 O-O 9. Qc2 Re8 10. O-O Nf8 11. f3 h6 12. Bh4 Ne6 13. Rad1 Nh5 14.
Bf2 Bh4 15. g3 Be7 16. g4 Nf6 17. Kg2 h5 18. h3 Ng5 19. Ng3 hxg4 20. hxg4
Nxg4 21. fxg4 Bxg4 22. Nf5 Bf3+ 23. Kh2 Bd6+ 24. Bg3 Bxg3+ 25. Kxg3 Qc7+
26. Kf2 g6 27. Ng3 Rxe3 28. Kxe3 Qxg3 29. Qf2 Re8+ 30. Kd2 Qf4+ 31. Kc2
Bxd1+ 32. Kxd1 Qxf2 33. Rxf2 Kg7 34. Re2 Re6 35. b4 f5 36. Rxe6 Nxe6 37.
Ne2 f4 38. Ke1 f3 39. Ng1 Nxd4 40. Kf2 Kf6 41. Ke3 Ke5 42. Bxg6 b6 43. Nh3
c5 44. Nf2 a5 45. bxa5 bxa5 46. Nd3+ Kd6 47. Ne1 c4 48. Nxf3 Nxf3 49. Kxf3
Kc5 50. Bf7 c3 51. Ke2 d4 52. a3 c2 53. Kd2 d3 54. Be6 Kb5 55. Bb3 Kc5 56.
Bf7 Kb5 57. Be8+ Kc4 58. Ba4 Kc5 59. Bb3 Kd4 60. Be6 Kc5 61. Bb3 Kd4 62.
Bf7 Kc5 63. Be6 Kb5 64. Bd7+ Kc4 65. Ba4 Kc5 66. Bb3 1/2-1/2

[Event "24th Open"]
[Site "Pula CRO"]
[Date "2010.06.21"]
[Round "3"]
[White "Sevo,I"]
[Black "Martinovic,Sa"]
[Result "1/2-1/2"]
[WhiteElo "2238"]
[BlackElo "2515"]
[EventDate "2010.06.19"]

1. e4 c5 2. Nf3 Nc6 3. d4 cxd4 4. Nxd4 Nf6 5. Nc3 d6 6. Nxc6 bxc6 7. Bc4 e6
8. e5 dxe5 9. Qf3 Qc7 10. Bg5 Be7 11. O-O O-O 12. Rfe1 Nd5 13. Bxe7 Nxe7
14. Qe3 Ng6 15. Na4 f5 16. Nc5 Qe7 17. f3 e4 18. b4 Kh8 19. fxe4 f4 20. Qf2
e5 21. Rad1 a5 22. c3 Bg4 23. Rd3 Rfd8 24. h3 Rxd3 25. Nxd3 Be6 26. Bxe6
Qxe6 27. bxa5 Rxa5 28. Nb4 h6 29. Qb6 Ra3 30. Qxc6 Qxc6 31. Nxc6 Rxc3 32.
Nb4 Nh4 33. Re2 g5 34. a4 Rb3 35. Nc6 Ra3 36. Nxe5 Rxa4 37. Nf3 Ng6 38. e5
Kg7 39. Rb2 Ne7 40. Rb7 Kf7 41. Rb6 Ra1+ 42. Kf2 Ra2+ 43. Kf1 Nd5 44. Rxh6
Ne3+ 45. Kg1 Ra1+ 46. Kf2 Ra2+ 47. Kg1 Ra1+ 48. Kf2 Ra2+ 49. Kg1 Rxg2+ 50.
Kh1 Rg3 51. e6+ Kg7 52. e7 Rxf3 53. Re6 Rf1+ 54. Kh2 Rf2+ 55. Kg1 Rf1+
1/2-1/2

[Event "24th Open"]
[Site "Pula CRO"]
[Date "2010.06.21"]
[Round "3"]
[White "Fercec,N"]
[Black "Vukelic,T"]
[Result "1/2-1/2"]
[WhiteElo "2492"]
[BlackElo "2229"]
[EventDate "2010.06.19"]

1. e4 e5 2. Nf3 Nc6 3. d4 exd4 4. Nxd4 Nf6 5. Nxc6 bxc6 6. Bd3 d5 7. exd5
cxd5 8. O-O Be7 9. Bg5 O-O 10. Re1 Be6 11. Nd2 Re8 12. c3 h6 13. Bh4 Rb8
14. Qc2 c5 15. b3 Qc7 16. c4 d4 17. Nf3 Nd7 18. Bxe7 Rxe7 19. Re2 Rbe8 20.
Rae1 Kf8 21. h3 Nf6 22. Qc1 a5 23. Re5 Bc8 24. Qf4 Bb7 25. Qf5 Bxf3 26.
Rxe7 Rxe7 27. Rxe7 Kxe7 28. Qxf3 Nd7 29. Qa8 Ne5 30. Be4 g5 31. Kf1 Nd7 32.
g3 Nf6 33. Bf3 h5 34. Bd5 h4 35. g4 Nxd5 36. Qxd5 f6 37. Qe4+ Kf8 38. Qe6
Kg7 39. a4 Qe5 40. Qd7+ Kh6 41. Qd8 Kg6 42. Qg8+ 1/2-1/2

[Event "24th Open"]
[Site "Pula CRO"]
[Date "2010.06.21"]
[Round "3"]
[White "Dulic,G"]
[Black "Kovacevic,Bl"]
[Result "1/2-1/2"]
[WhiteElo "2237"]
[BlackElo "2471"]
[EventDate "2010.06.19"]

1. e4 e6 2. d4 d5 3. Nc3 Bb4 4. e5 Ne7 5. a3 Bxc3+ 6. bxc3 c5 7. Qg4 O-O 8.
Bd3 f5 9. exf6 Rxf6 10. Bg5 Rf7 11. Qh4 h6 12. Bd2 Nbc6 13. Nf3 c4 14. Be2
Qc7 15. O-O Nf5 16. Qh5 Bd7 17. g4 Nd6 18. Ne5 Nxe5 19. Qxe5 Ba4 20. Bd1
Ne4 21. Qxc7 Rxc7 22. Be1 Rc6 23. f3 Nd6 24. Bd2 Ra6 25. Bf4 Nb5 26. Bd2
Rf8 27. Re1 Nc7 28. h4 Bd7 29. Re3 Nb5 30. Bc1 h5 31. Kg2 Be8 32. Rb1 hxg4
33. fxg4 Nxa3 34. Bxa3 Rxa3 35. Rxb7 Bg6 36. Bf3 Ra2 37. Rxe6 Rxc2+ 38. Kg1
Rxf3 39. Rxg6 Rf7 40. Rxf7 Kxf7 41. Ra6 Rxc3 42. Rxa7+ Kg8 43. Rd7 Rg3+ 44.
Kf2 Rxg4 45. Rxd5 Rxh4 46. Kg3 Rh1 47. Rc5 Rc1 48. Rc7 c3 49. d5 c2 50. Kg2
Kf8 51. d6 Ke8 52. Kh2 Kd8 53. Kg2 g5 54. Kh2 g4 55. Kg2 g3 56. Rc3 Kd7 57.
Rc7+ Kxd6 1/2-1/2

[Event "24th Open"]
[Site "Pula CRO"]
[Date "2010.06.21"]
[Round "3"]
[White "Doric,D"]
[Black "Frindt,K"]
[Result "1-0"]
[WhiteElo "2452"]
[BlackElo "2216"]
[EventDate "2010.06.19"]

1. d4 g6 2. c4 Bg7 3. e4 d6 4. Nc3 Nf6 5. Nf3 O-O 6. Be2 e5 7. O-O Nc6 8.
d5 Ne7 9. b4 Nh5 10. Re1 f5 11. Ng5 Nf6 12. f3 Kh8 13. Rb1 h6 14. Ne6 Bxe6
15. dxe6 fxe4 16. fxe4 Re8 17. Qd3 Kh7 18. Qh3 Qc8 19. Rf1 Neg8 20. Nd5 Rf8
21. Qh4 c6 22. e7 Rf7 23. Nxf6+ Rxf6 24. Bg5 Qe6 25. Bxf6 Bxf6 26. Qg3 Qxe7
27. Rf3 Rf8 28. Rbf1 Bg7 29. Rxf8 Bxf8 30. Qf2 Bg7 31. Qxa7 Nf6 32. Bd3 Nh5
33. Qe3 Bf6 34. g3 Bg7 35. b5 c5 36. a4 Nf6 37. h3 Qd8 38. Qe1 b6 39. Kh2
Kg8 40. Rf2 Nh7 41. Qd1 h5 42. Bf1 Nf6 43. Be2 Bh6 44. Bf3 Be3 45. Rf1 Kg7
46. Qe2 Bd4 47. Bg2 Qh8 48. Qf3 Qd8 49. a5 bxa5 50. Qxf6+ Qxf6 51. Rxf6
Kxf6 52. b6 a4 53. b7 a3 54. b8=Q a2 55. Qf8+ Ke6 56. h4 Bg1+ 57. Kh1 1-0

[Event "24th Open"]
[Site "Pula CRO"]
[Date "2010.06.21"]
[Round "3"]
[White "Mihalincic,T"]
[Black "Shalnev,N"]
[Result "1/2-1/2"]
[WhiteElo "2232"]
[BlackElo "2450"]
[EventDate "2010.06.19"]

1. e4 c5 2. Nf3 d6 3. Bb5+ Nd7 4. d4 cxd4 5. Qxd4 Ngf6 6. c4 a6 7. Bxd7+
Nxd7 8. Nc3 e6 9. Bg5 Qb6 10. Qxb6 Nxb6 11. b3 Be7 12. Be3 Nd7 13. Ke2 b6
14. Rhd1 Bb7 15. a4 Bf6 16. Bd4 Ke7 1/2-1/2

[Event "24th Open"]
[Site "Pula CRO"]
[Date "2010.06.21"]
[Round "3"]
[White "Hamitevici,V"]
[Black "Nordenbaek,J"]
[Result "1/2-1/2"]
[WhiteElo "2421"]
[BlackElo "2215"]
[EventDate "2010.06.19"]

1. d4 Nf6 2. c4 e6 3. Nf3 b6 4. g3 Ba6 5. Nbd2 d5 6. Bg2 Be7 7. O-O O-O 8.
Ne5 Bb7 9. Qc2 Nbd7 10. Nxd7 Nxd7 11. e4 dxe4 12. Nxe4 Qc8 13. Bf4 c5 14.
d5 exd5 15. cxd5 Bxd5 16. Ng5 Bxg5 17. Bxd5 Bxf4 18. Bxa8 Qxa8 19. gxf4 Qf3
20. Qd1 Qh3 21. f3 Nf6 22. Qd2 Nh5 23. Rae1 g6 24. Re4 Ng7 1/2-1/2

[Event "24th Open"]
[Site "Pula CRO"]
[Date "2010.06.21"]
[Round "3"]
[White "Jelecevic,I"]
[Black "Fodor,T jr"]
[Result "0-1"]
[WhiteElo "2213"]
[BlackElo "2420"]
[EventDate "2010.06.19"]

1. e4 e5 2. Nf3 Nc6 3. Bb5 a6 4. Bxc6 dxc6 5. O-O Be7 6. d4 Nf6 7. Nc3 exd4
8. Qxd4 Bg4 9. e5 Qxd4 10. Nxd4 Nd5 11. h3 Bd7 12. Nxd5 cxd5 13. Re1 c5 14.
Nf3 h6 15. Bf4 O-O-O 16. Rad1 Be6 17. b3 b6 18. c3 Kb7 19. Re2 a5 20. Nd2
a4 21. Nf1 axb3 22. axb3 Ra8 23. Bc1 Rhd8 24. f4 g6 25. Rf2 h5 26. Rb2 Ra1
27. Kf2 c4 28. b4 d4 29. cxd4 c3 30. Re2 Bb3 31. Rde1 Rxd4 32. Be3 Rxe1 33.
Bxd4 Rxe2+ 34. Kxe2 Bc4+ 35. Kf2 Bxb4 36. Ne3 Bd3 37. Nd5 c2 0-1

[Event "24th Open"]
[Site "Pula CRO"]
[Date "2010.06.21"]
[Round "3"]
[White "Barle,J"]
[Black "Bajramovic,H"]
[Result "1-0"]
[WhiteElo "2404"]
[BlackElo "2211"]
[EventDate "2010.06.19"]

1. e4 c5 2. Ne2 Nc6 3. Nbc3 e6 4. g3 Nf6 5. Bg2 Be7 6. O-O O-O 7. d3 Rb8 8.
f4 d5 9. exd5 exd5 10. f5 d4 11. Ne4 Nxe4 12. Bxe4 Bf6 13. Nf4 Be5 14. Qe2
Re8 15. Qh5 Qd6 16. f6 h6 17. fxg7 Bxg7 18. Nd5 Rf8 19. Rf6 Qe5 20. Qh4 Ne7
21. Bxh6 Ng6 22. Bxg6 fxg6 23. Rxg6 Rf7 24. Bxg7 Rxg7 25. Qh6 Rxg6 26.
Qxg6+ 1-0

[Event "24th Open"]
[Site "Pula CRO"]
[Date "2010.06.21"]
[Round "3"]
[White "Rukavina,J"]
[Black "Nannelli,P"]
[Result "1/2-1/2"]
[WhiteElo "2397"]
[BlackElo "2207"]
[EventDate "2010.06.19"]

1. Nf3 Nf6 2. c4 e6 3. g3 d5 4. Bg2 Be7 5. O-O O-O 6. b3 b6 7. Bb2 Bb7 8.
e3 Nbd7 9. Nc3 Ne4 10. Ne2 Bf6 11. d4 dxc4 12. bxc4 Nd6 13. Rc1 c5 14. Qa4
Qc7 15. Rfd1 Rfd8 16. Ne5 Bxg2 17. Kxg2 cxd4 18. exd4 Bxe5 19. dxe5 Qb7+
1/2-1/2

[Event "24th Open"]
[Site "Pula CRO"]
[Date "2010.06.21"]
[Round "3"]
[White "Van Hoolandt,P"]
[Black "Feletar,D"]
[Result "0-1"]
[WhiteElo "2202"]
[BlackElo "2390"]
[EventDate "2010.06.19"]

1. d4 Nf6 2. c4 e6 3. Nf3 b6 4. Nc3 Bb7 5. Bg5 Be7 6. Qc2 d5 7. cxd5 Nxd5
8. Bxe7 Qxe7 9. a3 O-O 10. e4 Nxc3 11. bxc3 c5 12. Bd3 cxd4 13. cxd4 Nc6
14. O-O Rac8 15. Qe2 Rfd8 16. Qe3 Nxd4 17. Nxd4 Qc5 18. Nb5 Qxe3 19. fxe3
Rxd3 20. Rac1 Rxc1 21. Rxc1 g5 22. Rc7 Bxe4 23. Rxa7 Rd2 24. Nc3 Rxg2+ 25.
Kf1 Bf3 26. h3 Rc2 27. Na4 b5 28. Nb6 Bg2+ 0-1

[Event "24th Open"]
[Site "Pula CRO"]
[Date "2010.06.21"]
[Round "3"]
[White "Tutic,R"]
[Black "Bellia,F"]
[Result "1-0"]
[WhiteElo "2195"]
[BlackElo "2373"]
[EventDate "2010.06.19"]

1. e4 e5 2. Nf3 Nc6 3. d4 exd4 4. Nxd4 Nf6 5. Nxc6 bxc6 6. e5 Qe7 7. Qe2
Nd5 8. c4 Nb6 9. b3 Qe6 10. g3 d5 11. exd6 cxd6 12. Qxe6+ Bxe6 13. Bg2 d5
14. O-O Be7 15. Bb2 O-O 16. cxd5 cxd5 17. Bd4 Rac8 18. Nc3 Bc5 19. Ne2 Bg4
20. Rfc1 Ba3 21. Rxc8 Rxc8 22. Nf4 g5 23. Bxb6 gxf4 24. Bxa7 Bb2 25. Re1 d4
26. Be4 Bc3 27. Rc1 Re8 28. f3 Bh3 29. Rd1 Rd8 30. gxf4 f5 31. Bb1 Rd7 32.
Kf2 Rxa7 33. Kg3 Kf7 34. Kxh3 Kf6 35. Kg3 Ke6 36. a4 Rb7 37. Bd3 h6 38. Kf2
Kd6 39. Rb1 Kc5 40. Bxf5 Rf7 41. Bd3 Rxf4 42. b4+ Bxb4 43. a5 Rf7 44. a6
Re7 45. Be4 Ra7 46. Bb7 Kc4 47. Rc1+ Kd3 48. f4 Bd2 49. Rd1 Kc2 50. Rxd2+
Kxd2 51. f5 Kc1 52. f6 d3 53. f7 d2 54. f8=Q d1=Q 55. Qxh6+ Kb2 56. Qb6+
Ka1 57. Qxa7 Qd2+ 58. Kg3 Qg5+ 59. Kf2 Qd2+ 60. Kg1 Qc1+ 61. Kg2 Qg5+ 62.
Kh1 1-0

[Event "24th Open"]
[Site "Pula CRO"]
[Date "2010.06.21"]
[Round "3"]
[White "Sklyarov,D"]
[Black "Pelagatti,A"]
[Result "1-0"]
[WhiteElo "2373"]
[BlackElo "2194"]
[EventDate "2010.06.19"]

1. d4 Nf6 2. g3 g6 3. Bg2 Bg7 4. e4 d6 5. Nc3 O-O 6. Nf3 c5 7. dxc5 dxc5 8.
Qxd8 Rxd8 9. Be3 Na6 10. h3 h6 11. O-O Be6 12. Rfd1 b6 13. a3 Nc7 14. Ne5
Rxd1+ 15. Rxd1 Kf8 16. f4 Nfe8 17. Nd5 Nxd5 18. exd5 Bf5 19. d6 exd6 20.
Bxa8 dxe5 21. Bc6 Ke7 22. g4 Be6 23. c3 Nd6 24. fxe5 Nc4 25. Bc1 Nxe5 26.
Bd5 Bc8 27. Bf4 g5 28. Bxe5 Bxe5 29. Be4 Ba6 30. Bd3 Bc8 31. Bf5 Bxf5 32.
gxf5 h5 33. Rd5 f6 34. Kg2 Bf4 35. a4 Bd6 36. Kf3 a5 37. Rd1 Kd7 38. Ke4 g4
39. hxg4 hxg4 40. Kd5 g3 41. Rh1 Bf4 42. Rh7+ Kd8 43. Rh4 Be3 44. Rg4 Bf2
45. Ke6 Kc8 1-0

[Event "24th Open"]
[Site "Pula CRO"]
[Date "2010.06.21"]
[Round "3"]
[White "Balazs,G2"]
[Black "Shtivelband,V"]
[Result "1-0"]
[WhiteElo "2352"]
[BlackElo "2190"]
[EventDate "2010.06.19"]

1. d4 d5 2. c4 c6 3. Nf3 Nf6 4. Nc3 a6 5. c5 g6 6. Bf4 Nh5 7. Qd2 Nxf4 8.
Qxf4 Bg7 9. e4 dxe4 10. Nxe4 O-O 11. Bc4 Qa5+ 12. Ned2 Nd7 13. O-O e5 14.
dxe5 Qxc5 15. Rfe1 Qe7 16. Rad1 b5 17. Bb3 Bb7 18. e6 fxe6 19. Rxe6 Qc5 20.
Ne4 Qc2 21. Bxc2 Rxf4 22. Rxd7 1-0

[Event "24th Open"]
[Site "Pula CRO"]
[Date "2010.06.21"]
[Round "3"]
[White "Pfaffel,T"]
[Black "Orak,L"]
[Result "0-1"]
[WhiteElo "2189"]
[BlackElo "2343"]
[EventDate "2010.06.19"]

1. e4 c5 2. Nf3 d6 3. d4 cxd4 4. Nxd4 Nf6 5. Nc3 e6 6. g4 h6 7. h3 Nc6 8.
Bg2 Nxd4 9. Qxd4 e5 10. Qd3 Be7 11. Be3 a6 12. O-O-O Be6 13. Kb1 Rc8 14.
Nd5 Bxd5 15. exd5 Nd7 16. f4 Bf6 17. Rde1 O-O 18. g5 hxg5 19. fxg5 Bxg5 20.
Rhf1 Bf6 21. Be4 Re8 22. Re2 Nc5 23. Bh7+ Kf8 24. Qf5 Rc7 25. Ref2 e4 26.
Qg4 Nd7 27. Bxe4 Qe7 28. Bd3 Qxe3 29. Re2 Qd4 30. Rxe8+ Kxe8 31. Qxd4 Bxd4
32. b3 Ne5 33. Bf5 g6 34. Be4 f5 35. Bg2 b5 36. Rf4 Bc3 37. Rh4 Re7 0-1

[Event "24th Open"]
[Site "Pula CRO"]
[Date "2010.06.21"]
[Round "3"]
[White "Berke,A"]
[Black "Lizak,P"]
[Result "1/2-1/2"]
[WhiteElo "2140"]
[BlackElo "2335"]
[EventDate "2010.06.19"]

1. e4 e6 2. d4 d5 3. Nd2 Nf6 4. e5 Nfd7 5. Ngf3 c5 6. c3 Nc6 7. Bd3 g6 8.
O-O Bg7 9. Re1 O-O 10. dxc5 Ncxe5 11. Nxe5 Nxe5 12. Nb3 Nxd3 13. Qxd3 e5
14. Be3 Be6 15. f4 f6 16. Qd2 Qc7 17. fxe5 fxe5 18. Bh6 Rf5 19. Bxg7 Kxg7
20. Qe3 Raf8 21. Nd2 Bd7 22. b4 Bc6 23. Rf1 Qd7 24. Rxf5 Rxf5 25. Nb3 h6
26. Rf1 Rxf1+ 27. Kxf1 Qf5+ 28. Kg1 h5 29. h3 g5 30. Qe2 g4 31. b5 Bd7 32.
hxg4 hxg4 33. g3 Kf6 34. Nd2 Qc2 35. Qe3 Bxb5 36. Qh6+ Kf7 37. Qh5+ Kf6 38.
Qh8+ Ke6 39. Qg8+ Ke7 40. Qg7+ Ke6 41. Qg8+ Kf6 42. Qh8+ Kg6 43. Qg8+ Kh5
44. Qh8+ Kg6 45. Qg8+ 1/2-1/2

[Event "24th Open"]
[Site "Pula CRO"]
[Date "2010.06.21"]
[Round "3"]
[White "Medancic,R"]
[Black "Exler,V"]
[Result "1/2-1/2"]
[WhiteElo "2305"]
[BlackElo "2119"]
[EventDate "2010.06.19"]

1. d4 d5 2. Nf3 Nf6 3. c4 e6 4. g3 Bb4+ 5. Bd2 Be7 6. Bg2 c6 7. Qc2 O-O 8.
O-O b6 9. Rd1 Nbd7 10. Bf4 Bb7 11. Nbd2 Rc8 12. Ne5 Nh5 13. Nxd7 Qxd7 14.
Be3 c5 15. dxc5 Bxc5 16. Qb3 Bxe3 17. Qxe3 Nf6 18. Qa3 Qc7 19. b3 dxc4 20.
Bxb7 Qxb7 21. Nxc4 Rcd8 22. Rac1 Ne4 23. Qb2 b5 24. Ne5 f6 25. Nd3 b4 26.
Re1 Rc8 27. a3 bxa3 28. Qxa3 Rc3 29. Rxc3 Nxc3 30. b4 Nd5 31. e4 Nb6 32.
Nc5 Qf7 33. Ra1 Nc8 34. Qa6 e5 35. Rd1 Nb6 36. Rd6 h6 37. Nb7 Nc8 38. Rd5
Kh8 39. Kg2 Qe7 40. Nc5 Nb6 41. Rd2 Kh7 42. Ra2 Rf7 43. Qd3 Rf8 44. Qa6 Rf7
45. Qf1 Rf8 46. Qa1 Rf7 47. Rd2 Rf8 48. Qd1 Rc8 49. Qg4 Re8 50. Qf5+ Kh8
51. Qg6 Rb8 52. h4 Kg8 53. Qg4 Re8 54. Qf5 Kh8 55. Qg4 1/2-1/2

[Event "24th Open"]
[Site "Pula CRO"]
[Date "2010.06.21"]
[Round "3"]
[White "Klem,D"]
[Black "Hess,C1"]
[Result "0-1"]
[WhiteElo "2097"]
[BlackElo "2303"]
[EventDate "2010.06.19"]

1. e4 c6 2. d4 d5 3. f3 g6 4. Nc3 Bg7 5. Be3 Qb6 6. Qd2 Qxb2 7. Rb1 Qa3 8.
exd5 Nf6 9. dxc6 bxc6 10. Bc4 O-O 11. Nge2 Nbd7 12. O-O Ba6 13. Qd3 Bxc4
14. Qxc4 Nd5 15. Bd2 Nxc3 16. Bxc3 Nb6 17. Qb3 Qd6 18. Rfd1 Nd5 19. Be1 Qe6
20. Qd3 Rab8 21. Rb3 Rfd8 22. Rdb1 Rxb3 23. Rxb3 Nf4 24. Qe3 Nxe2+ 25. Kf1
Nxd4 26. Qxe6 fxe6 27. Rd3 Rd5 28. c4 Rc5 29. Ra3 Rxc4 30. Rxa7 Kf7 31. Bd2
Rc2 32. Ke1 Nb5 33. Ra8 Bc3 34. Bxc3 Nxc3 35. a4 Rxg2 36. a5 Ra2 37. h4 Nb5
38. Kd1 Nd4 39. f4 c5 40. a6 c4 41. Rc8 Rxa6 42. Rxc4 Nf5 43. Ke2 Nxh4 44.
Kf2 Ra3 45. Rb4 Nf5 46. Kg2 h5 47. Rb8 h4 48. Rb2 Ne3+ 49. Kh2 Ng4+ 50. Kh1
h3 51. Rb1 Ra2 52. Rf1 Rh2+ 53. Kg1 Rg2+ 54. Kh1 Nf2+ 55. Rxf2 Rxf2 56. Kg1
Rxf4 0-1

[Event "24th Open"]
[Site "Pula CRO"]
[Date "2010.06.21"]
[Round "3"]
[White "Fahrner,K"]
[Black "Nohr,F"]
[Result "1-0"]
[WhiteElo "2302"]
[BlackElo "2094"]
[EventDate "2010.06.19"]

1. g3 Nf6 2. Bg2 g6 3. c4 Bg7 4. Nc3 d6 5. Nf3 O-O 6. O-O Nc6 7. Rb1 Bf5 8.
d3 e5 9. b4 Qd7 10. Bg5 Bh3 11. Bxf6 Bxf6 12. Nd5 Bg7 13. Bxh3 Qxh3 14. b5
Nd8 15. Nxc7 Rc8 16. Nd5 Qd7 17. Qa4 b6 18. Qb4 Ne6 19. a4 Nc7 20. Rbc1
Nxd5 21. cxd5 Bh6 22. Rc6 Rxc6 23. bxc6 Qc7 24. Qc4 Re8 25. Rb1 1-0

[Event "24th Open"]
[Site "Pula CRO"]
[Date "2010.06.21"]
[Round "3"]
[White "Plenca,J"]
[Black "Nemeth,Mi2"]
[Result "1-0"]
[WhiteElo "2286"]
[BlackElo "2040"]
[EventDate "2010.06.19"]

1. e4 e5 2. Nf3 Nc6 3. Bc4 Nf6 4. d3 d5 5. exd5 Nxd5 6. h3 Be6 7. O-O Qd6
8. Ng5 Bf5 9. Qf3 Nce7 10. Nc3 c6 11. Nxd5 cxd5 12. Bb5+ Bd7 13. Qxf7+ Kd8
14. Qh5 Be6 15. d4 g6 16. dxe5 Qb6 17. Qe2 Nf5 18. Nxe6+ Qxe6 19. Bg5+ Kc7
20. Bd3 Nd4 21. Qg4 Qxg4 22. hxg4 Ne6 23. Bf6 Rg8 24. g3 Bc5 25. Kg2 Rae8
26. f4 h5 27. f5 gxf5 28. gxf5 Ng5 29. Rh1 Ne4 30. Bxe4 dxe4 31. Rae1 Be7
32. Bxe7 Rxe7 33. Rxe4 Rg5 34. f6 Re6 35. f7 Rf5 36. Rf4 Rexe5 37. Rxf5 1-0

[Event "24th Open"]
[Site "Pula CRO"]
[Date "2010.06.21"]
[Round "3"]
[White "Predojevic,B"]
[Black "Kvaternik,S"]
[Result "1-0"]
[WhiteElo "2628"]
[BlackElo "2023"]
[EventDate "2010.06.19"]

1. e4 c5 2. Nf3 Nc6 3. Bb5 a6 4. Bxc6 bxc6 5. O-O g6 6. c3 Bg7 7. d4 cxd4
8. cxd4 Nf6 9. Nc3 O-O 10. Re1 Rb8 11. b3 a5 12. h3 Ba6 13. Bf4 Rc8 14. Qd2
c5 15. dxc5 Rxc5 16. e5 Ne8 17. Be3 Rc8 18. Nd5 d6 19. Bg5 f6 20. Nxe7+ Kh8
21. exf6 Nxf6 22. Nxc8 Bxc8 23. Rad1 d5 24. Bh6 Bxh6 25. Qxh6 Rf7 26. Ne5
Rg7 27. Nc6 Qf8 28. Re7 a4 29. Qxg7+ Qxg7 30. Rxg7 Kxg7 31. bxa4 Bd7 32.
Rc1 d4 33. a5 d3 34. Ne5 Bb5 35. a4 Ba6 36. Rc7+ Kg8 37. Nxd3 Bxd3 38. a6
Bxa6 39. Rc6 Bb7 40. Rxf6 Kg7 41. Rb6 Bd5 42. a5 Kf7 43. a6 Ke7 44. a7 Kd7
45. Rb8 1-0

[Event "24th Open"]
[Site "Pula CRO"]
[Date "2010.06.21"]
[Round "3"]
[White "Ascic,A"]
[Black "Saric,A"]
[Result "0-1"]
[WhiteElo "2192"]
[BlackElo "2489"]
[EventDate "2010.06.19"]

1. d4 Nf6 2. c4 e6 3. Nf3 b6 4. g3 Ba6 5. b3 d5 6. Bg2 Bb4+ 7. Bd2 Be7 8.
Qc2 O-O 9. O-O c5 10. Rd1 Nc6 11. Bc3 Rc8 12. dxc5 bxc5 13. Ne5 Nxe5 14.
Bxe5 Nd7 15. Bb2 d4 16. Nd2 Qc7 17. e4 e5 18. Nf3 Bb7 19. Ne1 g6 20. Bh3
Rcd8 21. f3 Nf6 22. Nd3 Nh5 23. Re1 Bd6 24. Nf2 Ng7 25. Bc1 f5 26. Bh6 Bc8
27. Bg2 Rf7 28. Nd3 Nh5 29. f4 fxe4 30. Bxe4 Nf6 31. Nxe5 Bxe5 32. fxe5
Nxe4 33. Qxe4 Bb7 34. Qe2 Qc6 0-1

[Event "24th Open"]
[Site "Pula CRO"]
[Date "2010.06.22"]
[Round "4"]
[White "Felgaer,R"]
[Black "Sklyarov,D"]
[Result "1/2-1/2"]
[WhiteElo "2585"]
[BlackElo "2373"]
[EventDate "2010.06.19"]

1. e4 e5 2. Nf3 Nc6 3. Bb5 f5 4. d3 fxe4 5. dxe4 Nf6 6. O-O d6 7. Nc3 Be7
8. Qd3 a6 9. Ba4 b5 10. Bb3 Na5 11. a4 Nxb3 12. cxb3 Bd7 13. axb5 axb5 14.
Rxa8 Qxa8 15. Nxb5 Qb7 16. Nc3 Qxb3 17. Bg5 Be6 18. Nd2 Qb7 19. b4 O-O 20.
b5 h6 21. Bxf6 Bxf6 22. Nd5 Bg5 23. Nf3 Bd8 24. Nd2 Bg5 25. Nf3 Bd8 26. Nd2
1/2-1/2

[Event "24th Open"]
[Site "Pula CRO"]
[Date "2010.06.22"]
[Round "4"]
[White "Feletar,D"]
[Black "Saric,Iv"]
[Result "1/2-1/2"]
[WhiteElo "2390"]
[BlackElo "2580"]
[EventDate "2010.06.19"]

1. c4 c5 2. Nf3 Nc6 3. d4 cxd4 4. Nxd4 Qb6 5. e3 Nf6 6. Nc3 g6 7. g3 Bg7 8.
Bg2 h5 9. h3 O-O 10. O-O e6 11. b3 d5 12. cxd5 exd5 13. Bb2 Bd7 14. Na4 Qb4
15. Rc1 Nxd4 16. Qxd4 Qxd4 17. Bxd4 Bc6 18. Rfd1 Rfd8 19. Nc5 Ne4 20. h4
Bf8 21. Nd3 f6 22. Nc5 Bxc5 23. Bxc5 Kf7 24. Bd4 g5 1/2-1/2